000 00428nam a2200133Ia 4500
008 151001s9999||||xx |||||||||||||| ||und||
100 _aपु वि खांडेकर
245 _aट्रांझिस्टर
250 _a1
260 _bमहाराष्ट्र राज्य साहित्य संस्कुती मंडळ मुंबई
260 _c1982
300 _a60
365 _b21
999 _c961589
_d961586